| 000 | nam a22 a 4500 | ||
|---|---|---|---|
| 999 |
_c407396 _d407396 |
||
| 003 | BLK | ||
| 005 | 20210412082552.0 | ||
| 008 | 210407b bu |||||r|||| 00| 0 bu d | ||
| 040 | _aBLK | ||
| 041 |
_aBUL _cBUL |
||
| 080 |
_aИзточници на демографски данни, вкл. статистика на населението _b314.02 _z314.02(497.2) |
||
| 110 |
_9446971 _aБългария. Главна дирекция на статистиката |
||
| 139 | _aБългария. Главна дирекция на статистиката | ||
| 245 | _aДвижение на населението в Българското княжество през 1891 г. | ||
| 260 |
_9435151 _aСофия _bтиполитогр. Б. Зилбер _c1894 |
||
| 300 |
_a473 с. _c31 см |
||
| 380 | _a3 | ||
| 490 |
_9435080 _aКолекция Редки и ценни издания |
||
| 500 | _aТекст и на фр. ез. | ||
| 650 | 0 |
_9277319 _aБългария - население - статистически данни |
|
| 852 |
_aРб 894 _bРц |
||
| 942 |
_cKNG _n0 _s1 |
||
| 944 |
_aCR _c2021-04-12 _kНР |
||